STATISTICS FOR MANAGEMENT AND ECONOMICS (Record no. 72731)
[ view plain ]
| 000 -LEADER | |
|---|---|
| fixed length control field | 00246nam a2200097Ia 4500 |
| 050 ## - LIBRARY OF CONGRESS CALL NUMBER | |
| Classification number | HA29.K45 2008 |
| 100 ## - MAIN ENTRY--PERSONAL NAME | |
| Personal name | GERALD KELLER |
| 245 #0 - TITLE STATEMENT | |
| Title | STATISTICS FOR MANAGEMENT AND ECONOMICS |
| 942 ## - ADDED ENTRY ELEMENTS (KOHA) | |
| Koha item type | Long Loan Book |
| Withdrawn status | Lost status | Source of classification or shelving scheme | Damaged status | Not for loan | Collection | Home library | Current library | Shelving location | Date acquired | Inventory number | Total checkouts | Full call number | Barcode | Date last seen | Copy number | Price effective from | Koha item type |
|---|---|---|---|---|---|---|---|---|---|---|---|---|---|---|---|---|---|
| Library of Congress Classification | Business & Economics | Kisii University Library | Kisii University Library | On Display | 10/29/2024 | 38217 | HD 30.215.K45 2005 | 000000016217 | 10/29/2024 | C.3 | 10/29/2024 | Long Loan Book | |||||
| Library of Congress Classification | Business & Economics | Kisii University Library | Kisii University Library | On Display | 10/29/2024 | 36524 | HD 30.215.K45 1997 | 000000018435 | 06/05/2025 | C.1 | 10/29/2024 | Long Loan Book |